[Event "It"]
[Site "Madrid ESP"]
[Date "1997.05.21"]
[Round "01"]
[White "Beliavsky,A"]
[Black "Piket,Je"]
[Result "1-0"]
[WhiteElo "2665"]
[BlackElo "2640"]

1. d4 d5 2. c4 c6 3. Nf3 Nf6 4. Nc3 a6 5. a4 e6 6. Bg5 Nbd7 7. e3 Qa5 8.
Nd2 Bb4 9. Qc2 c5 10. Be2 cxd4 11. exd4 dxc4 12. Bxf6 Nxf6 13. Nxc4 Qc7 14.
Qb3 Bd6 15. a5 O-O 16. Qb6 Rd8 17. Bf3 Rb8 18. O-O-O Nd5 19. Qxc7 Bxc7 20.
Rhe1 Nb4 21. Nb6 Bxb6 22. axb6 Rd6 23. d5 Rxb6 24. Bg4 Kf8 25. dxe6 Bxe6
26. Bxe6 fxe6 27. Rd7 Rc8 28. Re3 Nd5 29. Rg3 Ne7 30. Kb1 Ke8 31. Rd2 Nf5
32. Rgd3 Rbc6 33. Ne4 Rc1+ 34. Ka2 h5 35. f3 R8c2 36. Rd8+ Kf7 37. R2d7+
Kg6 38. g4 hxg4 39. fxg4 Nh6 40. h3 Rc4 41. Nc3 Rh1 42. Re8 Rxh3 43. Rxe6+
Kh7 44. Ne4 Ra4+ 45. Kb1 Rh1+ 46. Kc2 Rf1 47. Ng5+ Kg8 48. Ree7 Rxg4 49.
Rxg7+ Kh8 50. Rh7+ Kg8 51. Rdg7+ 1-0

[Event "It"]
[Site "Madrid ESP"]
[Date "1997.05.21"]
[Round "01"]
[White "Salov,V"]
[Black "Topalov,V"]
[Result "1/2-1/2"]
[WhiteElo "2665"]
[BlackElo "2725"]

1. d4 e6 2. c4 Nf6 3. Nc3 Bb4 4. e3 c5 5. Bd3 O-O 6. a3 Bxc3+ 7. bxc3 Nc6
8. Nf3 d6 9. e4 h6 10. h3 e5 11. d5 Ne7 12. Nd2 Nh7 13. g4 Ng6 14. Nf1 Nf4
15. Qf3 Qf6 16. Bc2 Nxd5 17. Qxf6 Ndxf6 18. f3 Ng5 19. Kf2 Kh7 20. Ne3 g6
21. a4 b6 22. a5 bxa5 23. Rxa5 Ne6 24. Rd1 Rd8 25. h4 Kg7 26. Bd2 Nf4 27.
Rda1 Rd7 28. Ba4 Rc7 29. Bb5 Bd7 30. Ra6 Rb7 31. R1a5 Ne8 32. Bxd7 Rxd7 33.
Nd5 Nxd5 34. cxd5 f6 35. Ke2 g5 36. h5 Rb7 37. c4 Kf7 38. Ra2 Ke7 39. Kd3
Nc7 40. R6a3 Kd7 41. Kc2 Kc8 1/2-1/2

[Event "It"]
[Site "Madrid ESP"]
[Date "1997.05.21"]
[Round "01"]
[White "Short,N"]
[Black "San Segundo,P"]
[Result "1-0"]
[WhiteElo "2690"]
[BlackElo "2505"]

1. e4 c5 2. Nf3 d6 3. d4 cxd4 4. Nxd4 Nf6 5. Nc3 Nc6 6. Bg5 e6 7. Qd2 a6 8.
O-O-O h6 9. Be3 Be7 10. f4 Nxd4 11. Bxd4 b5 12. Qe3 Qc7 13. e5 dxe5 14.
fxe5 Nd7 15. Ne4 Bb7 16. Nd6+ Qxd6 17. exd6 Bg5 18. Qxg5 hxg5 19. Bxg7 Rh4
20. Bd4 f5 21. h3 Rc8 22. Rg1 Be4 23. c3 Rc6 24. Be3 g4 25. Bf2 Rh7 26.
hxg4 fxg4 27. Be2 Bf5 28. Bg3 Nf6 29. Rd4 Rc5 30. Rgd1 e5 31. Rb4 Ne4 32.
Be1 Rd7 33. a4 bxa4 34. Rxa4 a5 35. c4 Rxd6 36. Rxd6 Nxd6 37. Rxa5 Rxa5 38.
Bxa5 Be4 39. Bb4 Nf5 40. Bxg4 Ne3 41. Bf3 Bf5 42. b3 Kd7 43. Bc5 Ng4 44.
Kd2 Nf6 45. Bb6 Ne4+ 46. Ke3 Nd6 47. Bc5 Nf7 48. Be4 Bg4 49. Bd5 Ng5 50. b4
Ne6 51. Ke4 1-0

[Event "It"]
[Site "Madrid ESP"]
[Date "1997.05.23"]
[Round "03"]
[White "Salov,V"]
[Black "Beliavsky,A"]
[Result "1-0"]
[WhiteElo "2665"]
[BlackElo "2665"]

1. c4 Nf6 2. Nc3 e5 3. Nf3 Nc6 4. d4 exd4 5. Nxd4 Bb4 6. Bg5 h6 7. Bh4 O-O
8. Rc1 Re8 9. Nxc6 bxc6 10. e3 Rb8 11. Bd3 Bxc3+ 12. bxc3 c5 13. O-O Bb7
14. Rb1 d6 15. Bxf6 Qxf6 16. Qa4 Ba8 17. Rxb8 Rxb8 18. Qxa7 Rc8 19. Rb1 Qg5
20. Bf1 Qd8 21. Qa4 Be4 22. Rb2 Ra8 23. Qd1 Qe8 24. Qd2 g5 25. h3 Kg7 26.
Be2 Ra3 27. Rb3 Ra4 28. Rb2 Qa8 29. f3 Bf5 30. f4 Be4 31. Bd1 Ra3 32. Bb3
Qd8 33. Qc1 Qe7 34. Rf2 Ra8 35. Qd1 Qe6 36. Kh2 Rg8 37. Qh5 Kf8 38. Bc2
Bxc2 39. Rxc2 Rg6 40. Qf3 Rf6 41. Rb2 gxf4 42. exf4 Qxc4 43. f5 d5 44. Rb8+
Ke7 45. Qg3 Rxf5 46. Qxc7+ Kf6 47. Qd6+ Kg7 48. Qf8+ Kg6 49. Rb6+ f6 50.
Qg8+ Kh5 51. g4+ 1-0

[Event "It"]
[Site "Madrid ESP"]
[Date "1997.05.23"]
[Round "03"]
[White "Polgar,J"]
[Black "San Segundo,P"]
[Result "1-0"]
[WhiteElo "2645"]
[BlackElo "2505"]

1. e4 c5 2. Nf3 d6 3. d4 cxd4 4. Nxd4 Nf6 5. Nc3 Nc6 6. Bg5 e6 7. Qd2 a6 8.
O-O-O h6 9. Be3 Be7 10. f4 Nxd4 11. Bxd4 b5 12. Qe3 Qc7 13. e5 dxe5 14.
fxe5 Nd7 15. Ne4 Bb7 16. Nd6+ Qxd6 17. exd6 Bg5 18. Qxg5 hxg5 19. Bxg7 Rh4
20. Bd4 f5 21. Bf2 Rh7 22. h4 Nf6 23. Bd3 g4 24. Rhe1 Kd7 25. g3 Bd5 26. b3
Kxd6 27. c4 bxc4 28. bxc4 Rc7 29. Kb2 Rb8+ 30. Ka1 Bf3 31. Bxf5+ Bxd1 32.
Rxe6+ Kd7 33. Rb6+ Ke7 34. Rxb8 Rxc4 35. Be3 Nd5 36. Bg5+ Kd6 37. h5 Bc2
38. Rc8 1-0

[Event "It"]
[Site "Madrid ESP"]
[Date "1997.05.25"]
[Round "04"]
[White "Akopian,V"]
[Black "Salov,V"]
[Result "1-0"]
[WhiteElo "2655"]
[BlackElo "2665"]

1. c4 Nf6 2. Nf3 e6 3. g3 b6 4. Bg2 Bb7 5. O-O Be7 6. Nc3 O-O 7. Re1 d5 8.
cxd5 Nxd5 9. e4 Nxc3 10. bxc3 Nc6 11. d4 Na5 12. Bf4 Bd6 13. Ne5 Qe8 14.
Nd3 Rd8 15. Qg4 Kh8 16. e5 Be7 17. Bxb7 Nxb7 18. Bg5 Bxg5 19. Qxg5 h6 20.
Qg4 c5 21. Nf4 cxd4 22. cxd4 Qe7 23. h4 Rxd4 24. Ng6+ fxg6 25. Qxd4 g5 26.
hxg5 Qxg5 27. Qe3 Qf5 28. Rad1 Nc5 29. Rd4 Qc2 30. a3 Kh7 31. Kg2 Qg6 32.
Red1 Qh5 33. R1d2 Rf5 34. Rh4 Qg6 35. Rdd4 Qe8 36. Rdf4 Rg5 37. Rfg4 Qc6+
38. Kg1 Rxg4 39. Rxg4 Qd5 40. Rd4 Qa8 41. Qe2 Qe8 42. Qc2+ Kg8 43. Qd1 Qg6
44. Rd8+ Kh7 45. Qf3 Qg5 46. Qa8 Qc1+ 47. Kg2 Qxa3 48. Rh8+ Kg6 49. Qe8+
Kf5 50. Qf7+ Kxe5 51. Rd8 g5 52. Qg7+ Kf5 53. f3 Qa2+ 54. Kh3 g4+ 55. fxg4+
1-0

[Event "It"]
[Site "Madrid ESP"]
[Date "1997.05.25"]
[Round "04"]
[White "Beliavsky,A"]
[Black "Short,N"]
[Result "1-0"]
[WhiteElo "2665"]
[BlackElo "2690"]

1. d4 Nf6 2. c4 e6 3. Nc3 Bb4 4. Qc2 c5 5. dxc5 Na6 6. a3 Bxc3+ 7. Qxc3
Nxc5 8. f3 d5 9. cxd5 b6 10. b4 Na4 11. Qb3 b5 12. e4 a6 13. Bd3 O-O 14.
Ne2 Re8 15. Bb2 Nxb2 16. Qxb2 exd5 17. e5 Nd7 18. f4 f6 19. Qc2 Nf8 20.
exf6 Qxf6 21. O-O Bg4 22. Ng3 Qd4+ 23. Kh1 Rac8 24. Qd2 g6 25. Ra2 Rc3 26.
Bb1 Qc4 27. Rc2 Rxc2 28. Bxc2 d4 29. f5 Qc3 30. f6 Re3 31. f7+ Kg7 32. Qf2
Re6 33. Bb3 Rb6 34. Qf4 h5 35. Qe5+ Kh7 36. Ne4 Qxb3 37. Ng5+ Kh6 38. h4
1-0

[Event "It"]
[Site "Madrid ESP"]
[Date "1997.05.25"]
[Round "04"]
[White "Piket,Je"]
[Black "San Segundo,P"]
[Result "1-0"]
[WhiteElo "2640"]
[BlackElo "2505"]

1. d4 d5 2. c4 e6 3. Nc3 Be7 4. Nf3 Nf6 5. Bg5 Nbd7 6. Qc2 h6 7. cxd5 exd5
8. Bh4 c6 9. e3 Nh5 10. Bxe7 Qxe7 11. O-O-O Nb6 12. Ne5 Nf6 13. h3 Bd7 14.
Bd3 O-O-O 15. Rhe1 Kb8 16. Kb1 Rc8 17. g4 Rc7 18. f3 Rd8 19. Qh2 Bc8 20.
Bc2 Ne8 21. e4 dxe4 22. fxe4 Qd6 23. Qf2 Be6 24. Re2 Nc4 25. Nd3 Bc8 26.
Nc5 Qe7 27. Bd3 Nb6 28. Red2 Qf6 29. Bc2 Qxf2 30. Rxf2 Re7 31. Bb3 f6 32.
Rfd2 Nc7 33. d5 cxd5 34. exd5 Rd6 35. N5e4 Ne8 36. Nxd6 Nxd6 37. Re2 Rc7
38. Ne4 Re7 39. Rde1 Rd7 40. Nxd6 Rxd6 41. Re8 a5 42. Rc1 a4 43. Bxa4 Rxd5
44. Bb3 1-0

[Event "It"]
[Site "Madrid ESP"]
[Date "1997.05.26"]
[Round "05"]
[White "Shirov,A"]
[Black "Beliavsky,A"]
[Result "1/2-1/2"]
[WhiteElo "2690"]
[BlackElo "2665"]

1. e4 d6 2. d4 Nf6 3. Nc3 g6 4. f4 Bg7 5. Nf3 c5 6. Bb5+ Bd7 7. Bxd7+ Nfxd7
8. d5 b5 9. Qe2 b4 10. Nd1 Nb6 11. O-O O-O 12. Nf2 Qc8 13. Re1 a5 14. Rb1
e6 15. c4 bxc3 16. bxc3 Qa6 17. dxe6 Qxe2 18. Rxe2 Na4 19. Rd2 fxe6 20. Ng5
Re8 21. Rxd6 Nxc3 22. Rb7 Ra6 23. Rxa6 Nxa6 24. Rxg7+ Kxg7 25. Bb2 h6 26.
Bxc3+ Kf8 27. Nh7+ Ke7 28. Ng4 Nb4 29. a3 Nd3 30. Nxh6 Nxf4 31. Bf6+ Kd6
32. Nf7+ Kc6 33. a4 c4 34. Kf2 Kc5 35. Bc3 Rb8 36. Nf6 Rb7 37. Ne5 Rb3 38.
Bxa5 Nd3+ 39. Nxd3+ Rxd3 40. Ke2 Ra3 41. Be1 Kd4 42. Bf2+ Ke5 43. Bh4 Rxa4
44. Nd7+ Kd6 45. Nf8 Ke5 46. Nd7+ 1/2-1/2

[Event "It"]
[Site "Madrid ESP"]
[Date "1997.05.26"]
[Round "05"]
[White "Salov,V"]
[Black "Piket,Je"]
[Result "1/2-1/2"]
[WhiteElo "2665"]
[BlackElo "2640"]

1. d4 d5 2. c4 e6 3. Nc3 Be7 4. Nf3 Nf6 5. Bg5 Nbd7 6. e3 O-O 7. Qc2 c5 8.
cxd5 Nxd5 9. Bxe7 Qxe7 10. Nxd5 exd5 11. Bd3 g6 12. dxc5 Nxc5 13. O-O Bg4
14. Nd4 Rfc8 15. Qd2 Ne4 16. Qe1 Bd7 17. Qe2 Rc5 18. Rfc1 Rac8 19. Qe1 Qf6
20. Rxc5 Nxc5 21. Qd2 Qb6 22. b3 a5 23. Rc1 Rc7 24. h3 h5 25. Be2 Ne4 26.
Qb2 Rxc1+ 27. Qxc1 Qb4 28. a3 Qd6 29. Qb2 b6 30. Bf3 h4 31. b4 axb4 32.
axb4 f5 33. Qa2 Kg7 34. Qa7 Nf6 35. b5 Kh6 36. Qa8 g5 37. Qd8 Kg6 38. Nc6
g4 39. hxg4 fxg4 40. Be2 Kg5 41. Qxb6 Bxc6 42. Qxc6 Qb4 43. Qc7 g3 44. Qe5+
Kg6 45. Bd3+ Kf7 46. Qf5 Ke7 47. Qe5+ Kf7 48. Qf5 Ke7 49. Bf1 Qb2 50. Qf4
Ne4 51. Qxh4+ Ke6 52. Qg4+ Ke7 53. Qh4+ Ke6 54. Qg4+ Ke7 1/2-1/2

[Event "It"]
[Site "Madrid ESP"]
[Date "1997.05.26"]
[Round "05"]
[White "San Segundo,P"]
[Black "Topalov,V"]
[Result "1/2-1/2"]
[WhiteElo "2505"]
[BlackElo "2725"]

1. d4 Nf6 2. Nf3 g6 3. c4 Bg7 4. Nc3 O-O 5. e4 d6 6. Be2 e5 7. O-O Nc6 8.
Be3 Ng4 9. Bg5 f6 10. Bc1 f5 11. Bg5 Qe8 12. Nd5 Qf7 13. dxe5 Ngxe5 14.
exf5 Bxf5 15. Qd2 Rae8 16. Rae1 Kh8 17. b3 a6 18. Kh1 Nxf3 19. Bxf3 Nd4 20.
Rxe8 Rxe8 21. Bd1 Be4 22. Nc3 Bc6 23. Bg4 Bf3 24. Bh3 Be2 25. Re1 Qxf2 26.
Bg4 Nc2 27. Rc1 Bxc3 28. Qxc3+ Nd4 29. Bd7 Re5 30. Qg3 Qf7 31. Bh3 Re4 32.
Rg1 Kg8 33. Bd2 Bf1 34. Bg4 Be2 35. Bh3 h5 36. Bc3 Qf6 37. c5 h4 38. Bxd4
Rxd4 39. Qe3 Qe5 40. Qh6 Bd3 41. cxd6 cxd6 42. Rc1 Bf5 43. Bxf5 Qxf5 44. h3
Re4 1/2-1/2

[Event "It"]
[Site "Madrid ESP"]
[Date "1997.05.27"]
[Round "06"]
[White "Akopian,V"]
[Black "Shirov,A"]
[Result "1/2-1/2"]
[WhiteElo "2655"]
[BlackElo "2690"]

1. Nf3 Nf6 2. c4 c5 3. g3 b6 4. Bg2 Bb7 5. O-O e6 6. Nc3 a6 7. Re1 Be7 8.
e4 d6 9. d4 cxd4 10. Nxd4 Qc7 11. Be3 Nbd7 12. f4 Rc8 13. Rc1 O-O 14. f5 e5
15. Nb3 Qd8 16. Qe2 h5 17. Nd5 Nxd5 18. cxd5 h4 19. Rxc8 Bxc8 20. Nd2 hxg3
21. hxg3 Bg5 22. Bxg5 Qxg5 23. Qe3 Qh5 24. Bf3 Qh3 25. Kf2 Nf6 26. Qg5 Nh7
27. Qh4 Qxh4 28. gxh4 b5 29. Rc1 g6 30. fxg6 fxg6 31. Rc6 g5 32. hxg5 Nxg5
33. Ke3 Rd8 34. a4 Kf7 35. axb5 axb5 36. Rb6 Rh8 37. Rb8 Nxf3 38. Nxf3 Ke7
39. Rxb5 Bg4 40. Rb7+ Kf6 41. Kf2 Bxf3 42. Kxf3 Rh3+ 43. Kg4 Re3 44. Rb4
Re2 45. Kf3 Rh2 46. Rb6 Kg5 47. Rxd6 Rh3+ 48. Ke2 Kf4 49. Rc6 Kxe4 50. d6
Rh2+ 51. Ke1 Rh7 52. Rc7 Rh8 53. d7 1/2-1/2

[Event "It"]
[Site "Madrid ESP"]
[Date "1997.05.27"]
[Round "06"]
[White "Salov,V"]
[Black "Short,N"]
[Result "1/2-1/2"]
[WhiteElo "2665"]
[BlackElo "2690"]

1. d4 e6 2. c4 b6 3. a3 f5 4. Nc3 Nf6 5. d5 Ba6 6. b3 g6 7. Bb2 Bg7 8. g3
O-O 9. Bg2 Ne4 10. Rc1 Nxc3 11. Bxc3 Bxc3+ 12. Rxc3 Qf6 13. Qd2 Bb7 14. Nf3
a5 15. O-O Na6 16. Qd4 Rae8 17. dxe6 Rxe6 18. Qxf6 Rfxf6 19. Nd4 Bxg2 20.
Kxg2 Rd6 21. e3 Kf8 22. h4 Ke7 23. Rb1 Rf8 24. Rc2 c6 25. Kf3 Nc5 26. Ke2
Rdf6 27. Nf3 h6 28. b4 axb4 29. axb4 Ne4 30. Ra1 c5 31. bxc5 bxc5 32. Nd2
g5 1/2-1/2

[Event "It"]
[Site "Madrid ESP"]
[Date "1997.05.29"]
[Round "07"]
[White "San Segundo,P"]
[Black "Beliavsky,A"]
[Result "0-1"]
[WhiteElo "2505"]
[BlackElo "2665"]

1. d4 d6 2. c4 f5 3. Nf3 Nf6 4. g3 g6 5. Bg2 Bg7 6. b3 O-O 7. Bb2 Qe8 8.
O-O h6 9. Nbd2 g5 10. Qc2 Qh5 11. Rae1 a5 12. Bc3 f4 13. d5 Na6 14. Ne4 Bf5
15. Nxf6+ Bxf6 16. Qb2 Nc5 17. Bxf6 Rxf6 18. Nd4 Bd7 19. Qc3 Qg6 20. f3 Rf7
21. Rf2 Qf6 22. e3 e5 23. dxe6 Nxe6 24. Rd2 Re8 25. exf4 gxf4 26. Qd3 Nc5
27. Rxe8+ Bxe8 28. Qf1 Bd7 29. Qf2 h5 30. Rd1 Rg7 31. Ne2 fxg3 32. hxg3 Bc6
33. Qd4 Qh6 34. Qf4 Qxf4 35. Nxf4 Rxg3 36. Kf2 Rg5 37. Rh1 Be8 38. Bf1 Bf7
39. Be2 Kg7 40. Bd1 Kf6 41. Bc2 c6 42. Rd1 Ke7 43. Rh1 Ne6 44. Ne2 b5 45.
f4 Rc5 46. Bd3 bxc4 47. Bxc4 a4 48. Ke3 axb3 49. axb3 Ra5 50. Nd4 Nxd4 51.
Kxd4 Rf5 52. Ke4 Bg6 53. Kf3 Rf6 54. Ke3 Rf8 55. Rh4 Rh8 56. Kd4 Kf6 57. b4
Rb8 58. Kc3 Re8 59. b5 d5 60. Bb3 Re3+ 61. Kb2 cxb5 62. Bxd5 Be8 63. Bb3
Kg6 64. Bd1 Kh6 65. Rh2 Re4 66. Rh4 Bg6 67. Bb3 Be8 68. Kc3 b4+ 69. Kd3 Bg6
70. Kd2 Rd4+ 71. Kc1 Be8 72. Be6 Ba4 73. Bg4 Rd5 74. Bf3 Rc5+ 75. Kb2 Be8
76. Bxh5 Bxh5 77. Kb3 Rb5 78. f5 Kg5 79. Rxb4 Bf7+ 80. Kc3 Rxf5 81. Kd3
Rf3+ 82. Kd2 Kf5 83. Rd4 Ke5 84. Rh4 Bd5 85. Rb4 Be4 86. Rb5+ Kf4 87. Rb8
Rd3+ 88. Ke2 Rc3 89. Rb2 Rh3 90. Kd2 Rd3+ 91. Ke2 Rd4 92. Ke1 Bf3 93. Kf2
Rc4 94. Ke1 Rd4 95. Kf2 Re4 96. Rd2 Re3 97. Rb2 Be4 98. Rb8 Rc3 99. Rb2 Rh3
100. Ke1 Rd3 101. Rd2 Re3+ 102. Kd1 Rb3 103. Ke1 Bf3 104. Kf2 Rb1 105. Rd4+
Be4 106. Rd2 Rh1 107. Ke2 Rh3 108. Rd8 Rh2+ 109. Kd1 Ke3 110. Rb8 Rd2+ 111.
Kc1 Rc2+ 112. Kd1 Rc3 113. Rb2 Bf3+ 0-1

[Event "It"]
[Site "Madrid ESP"]
[Date "1997.05.30"]
[Round "08"]
[White "Beliavsky,A"]
[Black "Topalov,V"]
[Result "1/2-1/2"]
[WhiteElo "2665"]
[BlackElo "2725"]

1. d4 Nf6 2. c4 e6 3. Nf3 b6 4. g3 Ba6 5. b3 b5 6. cxb5 Bxb5 7. Bg2 d5 8.
O-O Nbd7 9. Nc3 Ba6 10. Ne5 Bd6 11. Nc6 Qc8 12. a3 O-O 13. Bg5 Qe8 14. Qd2
Nb6 15. Na5 c5 16. dxc5 Bxc5 17. Bxf6 gxf6 18. Rfc1 Rc8 19. e4 d4 20. Nd1
d3 21. e5 Bd4 22. Rxc8 Qxc8 23. Rc1 Qd7 24. Bc6 Qe7 25. Be4 fxe5 26. Nc6
Qf6 27. Bxd3 Bb7 28. Be4 Bxc6 29. Rxc6 Rd8 30. Nc3 Nc8 31. Bg2 Kg7 32. Ne4
Qg6 33. Qa5 Rd5 34. Qb4 Nb6 35. Qe7 Bb2 36. h4 Rd1+ 37. Kh2 Nd5 38. Qe8 Nf6
39. Nxf6 Qxf6 40. Rc8 Kh6 41. Qf8+ Qg7 42. Qc5 Qg6 43. Bf3 Rd7 44. g4 f6
45. Qf8+ Qg7 46. Qe8 Qf7 47. Qh8 e4 48. Bxe4 Qg7 49. Qxg7+ Kxg7 50. Rc6
Bxa3 51. Rxe6 Re7 52. Ra6 Bc5 53. f3 Bb6 54. Ra2 Bc7+ 55. Kh3 Bf4 56. Ra5
h6 57. Rf5 Bd2 58. Kg2 Re5 1/2-1/2

[Event "It"]
[Site "Madrid ESP"]
[Date "1997.05.30"]
[Round "08"]
[White "Akopian,V"]
[Black "San Segundo,P"]
[Result "1-0"]
[WhiteElo "2655"]
[BlackElo "2505"]

1. Nf3 d5 2. d4 Nf6 3. c4 e6 4. Nc3 Be7 5. Bg5 Nbd7 6. e3 O-O 7. Qb3 c6 8.
Bd3 dxc4 9. Qxc4 c5 10. dxc5 Nxc5 11. Bc2 Qa5 12. O-O Ncd7 13. Rfd1 Ne5 14.
Nxe5 Qxe5 15. Ne4 Nd5 16. f4 Qxb2 17. Bxe7 Nxe7 18. Qc5 Bd7 19. Rab1 Qxa2
20. Bb3 Qe2 21. Ng3 1-0

[Event "It"]
[Site "Madrid ESP"]
[Date "1997.05.31"]
[Round "09"]
[White "Illescas Cordoba,M"]
[Black "Beliavsky,A"]
[Result "1/2-1/2"]
[WhiteElo "2635"]
[BlackElo "2665"]

1. e4 e5 2. Nf3 Nf6 3. d4 Nxe4 4. Bd3 d5 5. Nxe5 Nd7 6. Nxd7 Bxd7 7. O-O
Be7 8. Nc3 Nf6 9. Bg5 c6 10. Qf3 O-O 11. Rae1 h6 12. Bf4 Be6 13. h3 Bd6 14.
Re3 Ne8 15. Ne2 Qd7 16. Ng3 Bxf4 17. Qxf4 Qd6 18. Nh5 Qxf4 19. Nxf4 Nc7 20.
Rfe1 Rfe8 21. Kf1 Bd7 1/2-1/2

[Event "It"]
[Site "Madrid ESP"]
[Date "1997.05.31"]
[Round "09"]
[White "San Segundo,P"]
[Black "Salov,V"]
[Result "1/2-1/2"]
[WhiteElo "2505"]
[BlackElo "2665"]

1. d4 Nf6 2. c4 e6 3. Nf3 b6 4. a3 Bb7 5. Nc3 d5 6. Qc2 c5 7. cxd5 cxd4 8.
Qa4+ Nbd7 9. dxe6 dxc3 10. exd7+ Qxd7 11. Qxd7+ Nxd7 12. bxc3 Be7 13. Be3
Rc8 14. Bd4 O-O 15. e3 Nc5 16. Nd2 Na4 17. c4 Bc5 18. f3 Bxd4 19. exd4 Rfd8
20. d5 Ba6 21. Rb1 b5 22. cxb5 Nc3 23. Rc1 Bxb5 24. Bxb5 Nxb5 25. Rxc8 Rxc8
26. Kf2 Rc5 27. a4 Rxd5 28. Ke1 1/2-1/2

[Event "It Playoff g20"]
[Site "Madrid ESP"]
[Date "1997.06.01"]
[Round "01"]
[White "Shirov,A"]
[Black "Topalov,V"]
[Result "1/2-1/2"]
[WhiteElo "2690"]
[BlackElo "2725"]

1. e4 e5 2. Nf3 Nc6 3. Bb5 a6 4. Bxc6 dxc6 5. O-O Bg4 6. h3 h5 7. d3 Qf6 8.
Nbd2 Ne7 9. Re1 Ng6 10. d4 Nf4 11. dxe5 Qg6 12. Nh4 Bxd1 13. Nxg6 Nxg6 14.
Rxd1 O-O-O 15. Re1 Nxe5 16. Nf3 Nxf3+ 17. gxf3 Bb4 18. c3 Bc5 19. Kf1 Rd3
20. Ke2 Rhd8 21. Rg1 g6 22. Bf4 b5 23. Rac1 Kb7 24. Rc2 a5 25. Rf1 a4 26.
Rd2 Rxd2+ 27. Bxd2 Be7 28. Be3 Bf6 29. Bc5 Bg5 30. Rd1 Rxd1 31. Kxd1 Kc8
32. b3 axb3 33. axb3 Kd7 34. Ke2 Ke6 35. Be3 Be7 36. c4 Bd6 37. Kd3 1/2-1/2

[Event "It Playoff g20"]
[Site "Madrid ESP"]
[Date "1997.06.01"]
[Round "02"]
[White "Topalov,V"]
[Black "Shirov,A"]
[Result "1/2-1/2"]
[WhiteElo "2725"]
[BlackElo "2690"]

1. e4 e5 2. Nf3 Nc6 3. Bb5 a6 4. Ba4 Nf6 5. O-O b5 6. Bb3 Bc5 7. a4 Rb8 8.
c3 d6 9. d4 Bb6 10. axb5 axb5 11. h3 O-O 12. Re1 Bb7 13. Na3 exd4 14. cxd4
Na5 15. Bc2 b4 16. Nb1 c5 17. Bg5 h6 18. Bh4 g5 19. Nxg5 hxg5 20. Bxg5 b3
21. Bd3 c4 22. e5 dxe5 23. Rxe5 Qxd4 24. Re3 Ng4 25. Rxa5 cxd3 26. Bf6 Qxf6
27. Qxg4+ Qg6 28. Rg5 Bxe3 29. Rxg6+ fxg6 30. Qxg6+ Kh8 31. fxe3 Rbd8 32.
Qh6+ Kg8 33. Qg6+ Kh8 1/2-1/2

[Event "It Playoff g6/5"]
[Site "Madrid ESP"]
[Date "1997.06.01"]
[Round "03"]
[White "Shirov,A"]
[Black "Topalov,V"]
[Result "1/2-1/2"]
[WhiteElo "2690"]
[BlackElo "2725"]

1. e4 e5 2. Nf3 Nc6 3. Bb5 a6 4. Ba4 Nf6 5. O-O Be7 6. Re1 b5 7. Bb3 O-O 8.
h3 Bb7 9. d3 d6 10. a3 Nb8 11. Nbd2 Nbd7 12. Nf1 h6 13. Ng3 Re8 14. Nf5 Bf8
15. Nh2 d5 16. Ng4 c6 17. Qf3 Kh8 18. c3 Re6 19. Bc2 Qc7 20. b4 c5 21. Bb2
Rae8 22. Rad1 c4 23. dxc4 dxe4 24. Qe2 bxc4 25. Ba4 Rc8 26. Rd2 Nb6 27. Bc2
Nbd5 28. g3 Qc6 29. Nfe3 Nxe3 30. Qxe3 Nd5 31. Qxe4 g6 32. Nxe5 Rxe5 33.
Qxe5+ Bg7 34. Qe4 f5 35. Qf3 Rd8 36. Red1 Kh7 37. h4 h5 38. a4 Qe6 39. a5
Bc6 40. Qe2 Qxe2 41. Rxe2 Nxc3 42. Bxc3 Rxd1+ 43. Bxd1 Bxc3 44. Rc2 Be1 45.
Rxc4 Bb5 46. Rd4 Bc3 47. Rf4 Bd2 48. Bf3 Kg7 49. Bd5 Kf6 50. Kg2 Ke5 51.
Bf7 Bxf4 52. gxf4+ Kxf4 53. Bxg6 Kg4 54. f3+ Kxh4 55. Bxf5 Kg5 56. Bc8 Kf4
57. Bb7 Ke5 58. Kg3 Kd4 59. f4 Kc4 60. Kh4 Kxb4 61. Kxh5 Bd3 62. Kg5 Kxa5
63. Kf6 Kb4 64. Ke5 a5 65. Be4 Bxe4 66. Kxe4 Kc5 67. Ke5 a4 68. f5 a3
1/2-1/2